000 00616nam a2200205 a 4500
001 000023409
005 20200930022211.0
008 101206s1968 ve a r 000 p spa d
040 _aDO-SdBNP
_bspa
_cBNPHU
082 _a861.64
_bL686d
100 1 _aLezama, Eduardo,
_948228
245 1 0 _aDesde la hierba /
_cEduardo Lezama.
260 _aVenezuela :
_bUniversidad de Oriente,
_c[1968].
300 _a87, [6] p. :
_bil. ;
_c18 cm.
490 1 _aLos nuevos escritores
_v2
650 4 _aPoesía española
_9631
650 4 _aLiteratura española
_9632
830 0 _aLos nuevos escritores ;
_v2
_948229
049 _aBNGR
999 _c22906
_d22906